000
00305nam a2200133Ia 4500
008
150201s2007 xx 000 0 und d
082
_a
618.92
_b
P07G
100
_a
GROVER,JK
245
_a
PEDITRICS DRUG DOSES
250
_a
2ND
260
_b
PEEPEE
_a
DELHI
_c
2007
650
_a
PHARMACOLOGY
942
_2
ddc
_c
BK
999
_c
687
_d
687